Länder mit AU oder UA - Statistiken

Allgemein
  • Dieses Quiz wurde 232 mal gespielt
  • Das Durchschnittsergebnis liegt bei 10 aus 18
Antwortstatistiken
Land % Korrekt
Australien
86%
Palau
73%
Mauretanien
66%
Nauru
65%
Paraguay
65%
Uruguay
65%
Ruanda
57%
Saudi-Arabien
55%
Nicaragua
54%
Guatemala
53%
Papua-Neuguinea
50%
Vanuatu
50%
Mauritius
49%
Antigua und Barbuda
47%
Ecuador
38%
Litauen
37%
Guinea-Bissau
32%
Äquatorialguinea
18%
Keine übereinstimmenden Quizze gefunden
Verteilung der Resultate
Anzahl Personen mit jedem Resultat
Perzentil nach korrekt beantworteten Fragen
Ihre Resultats-Entwicklung
Sie haben dieses Quiz noch nicht gespielt